Chaos : (Record no. 21578)
[ view plain ]
| 000 -LEADER | |
|---|---|
| fixed length control field | 01622cam a22003135a 4500 |
| 001 - CONTROL NUMBER | |
| control field | 14884318 |
| 005 - DATE AND TIME OF LATEST TRANSACTION | |
| control field | 20160404142958.0 |
| 008 - FIXED-LENGTH DATA ELEMENTS--GENERAL INFORMATION | |
| fixed length control field | 070608s2007 enka frb 001 0 eng d |
| 010 ## - LIBRARY OF CONGRESS CONTROL NUMBER | |
| LC control number | 2007297733 |
| 020 ## - INTERNATIONAL STANDARD BOOK NUMBER | |
| International Standard Book Number | 9780192853783 |
| 035 ## - SYSTEM CONTROL NUMBER | |
| System control number | (OCoLC)ocm51668491 |
| 035 ## - SYSTEM CONTROL NUMBER | |
| System control number | (OCoLC)51668491 |
| 040 ## - CATALOGING SOURCE | |
| Original cataloging agency | UKM |
| Language of cataloging | eng |
| Transcribing agency | UKM |
| Modifying agency | OCLCQ |
| -- | BAKER |
| -- | BTCTA |
| -- | BWKUK |
| -- | YDXCP |
| -- | DLC |
| -- | EG-ScBUE |
| 082 04 - DEWEY DECIMAL CLASSIFICATION NUMBER | |
| Classification number | 003.857 |
| Item number | SMI |
| Edition number | 22 |
| 100 1# - MAIN ENTRY--PERSONAL NAME | |
| Personal name | Smith, Leonard A. |
| 9 (RLIN) | 39768 |
| 245 10 - TITLE STATEMENT | |
| Title | Chaos : |
| Remainder of title | a very short introduction / |
| Statement of responsibility, etc | Leonard A. Smith. |
| 260 ## - PUBLICATION, DISTRIBUTION, ETC. (IMPRINT) | |
| Place of publication, distribution, etc | Oxford ; |
| -- | New York : |
| Name of publisher, distributor, etc | Oxford University Press, |
| Date of publication, distribution, etc | 2007. |
| 300 ## - PHYSICAL DESCRIPTION | |
| Extent | [xv], 180 p. : |
| Other physical details | ill. ; |
| Dimensions | 18 cm. |
| 490 0# - Series Statement | |
| Series statement | Very short introductions ; |
| Volume/sequential designation | 159 |
| 500 ## - GENERAL NOTE | |
| General note | Index : p. 173-180. |
| 500 ## - GENERAL NOTE | |
| General note | Glossary : p. 163-168. |
| 504 ## - BIBLIOGRAPHY, ETC. NOTE | |
| Bibliography, etc | Bibliography : p. 169-171. |
| 520 ## - SUMMARY, ETC. | |
| Summary, etc | Chaos exists in systems all around us. Even the simplest system can be subject to chaos, denying us accurate predictions of its behaviour, and sometimes giving rise to astonishing structures of large-scale order. This Very Short Introduction draws in philosophy, literature, and accessible maths to explain and illuminate Chaos Theory, showing the variety of its fascinating applications in the real world - from technology to global warming, politics, and even. gambling on the stock market. - ;Chaos exists in systems all around us. Even the simplest system of cause and effect can be subject to ch. |
| 650 #0 - SUBJECT ADDED ENTRY--TOPICAL TERM | |
| Topical term or geographic name as entry element | Chaotic behavior in systems |
| Form subdivision | Popular works. |
| Source of heading or term | BUEsh |
| 651 ## - SUBJECT ADDED ENTRY--GEOGRAPHIC NAME | |
| Source of heading or term | BUEsh |
| 653 ## - INDEX TERM--UNCONTROLLED | |
| Resource For college | |
| Arrived date list | April2016 |
| 942 ## - ADDED ENTRY ELEMENTS (KOHA) | |
| Source of classification or shelving scheme | Dewey Decimal Classification |
| Withdrawn status | Item status | Source of classification or shelving scheme | Damaged status | Not for loan | Vendor | Home library | Current library | Shelving location | Date acquired | Source of acquisition | Cost, normal purchase price | Serial Enumeration / chronology | Total Checkouts | Total Renewals | Full call number | Barcode | Date last seen | Date last borrowed | Cost, replacement price | Koha item type |
|---|---|---|---|---|---|---|---|---|---|---|---|---|---|---|---|---|---|---|---|---|
| Dewey Decimal Classification | Central Library | Central Library | Lower Floor | 04/04/2016 | Purchase | 84.00 | 229 | 3 | 9 | 003.857 SMI | 000032254 | 15/07/2025 | 30/01/2017 | 105.00 | Book - Borrowing |